| 000 | 01075nmc a2200373 a 4500 | ||
|---|---|---|---|
| 003 | AR-BaBNM | ||
| 005 | 20251128204916.0 | ||
| 008 | 011101s1990 ||||||||||||||000 | spa|| | ||
| 020 | _a84-277-0891-2 | ||
| 040 | _cAR-BaBNM | ||
| 100 | 1 | _aRosales, Carlos | |
| 245 | 1 | 0 | _aEvaluar es reflexionar sobre la enseñanza |
| 260 |
_aMadrid _bNarcea _c1990 |
||
| 300 | 0 |
_a253 p. _bdiagr. |
|
| 490 | 0 | _aEducación hoy. Estudios | |
| 500 | 0 | _aIndice de autores: p. 249-250 | |
| 500 | 0 | _aIndice temático: p. 251-253 | |
| 504 | _aLa Bibliografía se encuentra al final de cada capítulo | ||
| 650 | 4 | _aEVALUACION DEL ALUMNO | |
| 650 | 4 | _aCRITERIOS DE EVALUACION | |
| 650 | 4 | _aMETODOS DE EVALUACION | |
| 650 | 4 | _aOBSERVACION | |
| 650 | 4 | _aTRABAJO DE INVESTIGACION | |
| 650 | 4 | _aAULAS | |
| 650 | 4 | _aINTERACCION | |
| 650 | 4 | _aNINOS MINUSVALIDOS | |
| 650 | 4 | _aEDUCACION AMBIENTAL | |
| 650 | 4 | _aSELECCION DE MATERIAL DIDACTICO | |
| 651 | 4 | _aEspaña | |
| 653 | 0 | _aEVALUACION INSTITUCIONAL | |
| 653 | 0 | _aSUPERVISION DE ESCUELAS | |
| 942 | _cBK | ||
| 998 | _cSILVI | ||
| 999 |
_c9286 _d9286 |
||